Výklad k nariadeniu vlády SR č.249/1992 Zb.

Výklad k nariadeniu vlády SR č.249/1992 Zb. o platových pomeroch zamestnancov v rozpočtových a v niektorých ďalších organizáciách a orgánoch v platnom znení.

Na minha lista:
Detalhes bibliográficos
Formato: Capítulo de Livro
Idioma:eslovaco
Assuntos:
Tags: Adicionar Tag
Sem tags, seja o primeiro a adicionar uma tag!

MARC

LEADER 00000naa a2200000 4500
001 r014554
005 20221213123200.9
041 0 |a slo 
044 |a SK 
245 1 0 |a Výklad k nariadeniu vlády SR č.249/1992 Zb. 
520 |a Výklad k nariadeniu vlády SR č.249/1992 Zb. o platových pomeroch zamestnancov v rozpočtových a v niektorých ďalších organizáciách a orgánoch v platnom znení. 
610 2 0 |a odmeňovanie 
610 2 0 |a odmeny 
610 2 0 |a platy 
610 2 0 |a tarify mzdové 
610 2 0 |a organizácie rozpočtové 
610 2 0 |a organizácie príspevkové 
610 2 0 |a zákony 
610 2 0 |a 1992